Plotino : (Registro nro. 53542)
[ vista simple ]
| 000 -LEADER | |
|---|---|
| campo de control de longitud fija | 02507nam a2200349 i 4500 |
| 003 - IDENTIFICADOR DE NÚMERO DE CONTROL | |
| campo de control | peliumch |
| 005 - FECHA Y HORA DE LA ÚLTIMA TRANSACCIÓN | |
| campo de control | 20251125173422.0 |
| 007 - CAMPO FIJO DE DESCRIPCIÓN FÍSICA--INFORMACIÓN GENERAL | |
| campo de control de longitud fija | ta |
| 008 - DATOS DE LONGITUD FIJA--INFORMACIÓN GENERAL | |
| campo de control de longitud fija | 251125b2019 |||||||gr|||| 00| 0 spa d |
| 020 ## - NÚMERO INTERNACIONAL ESTÁNDAR DEL LIBRO | |
| Número Internacional Estándar del Libro | 8425536001789 |
| 040 ## - FUENTE DE CATALOGACIÓN | |
| Centro catalogador/agencia de origen | UMCH |
| Lengua de catalogación | spa |
| Centro/agencia transcriptor | UMCH |
| Centro/agencia modificador | jmr |
| Normas de descripción | rda |
| 041 ## - CÓDIGO DE IDIOMA | |
| Código de lengua del texto/banda sonora o título independiente | spa |
| 043 ## - CÓDIGO DE ÁREA GEOGRÁFICA | |
| Código de área geográfica | s-pe--- |
| 082 ## - NÚMERO DE LA CLASIFICACIÓN DECIMAL DEWEY | |
| Número de clasificación | 181.1/D91 |
| 100 1# - ENTRADA PRINCIPAL--NOMBRE DE PERSONA | |
| Nombre de persona | Dopazo Gallego, Antonio |
| Término indicativo de función/relación | autor. |
| 245 ## - MENCIÓN DEL TÍTULO | |
| Título | Plotino : |
| Resto del título | la odisea del alma entre la eternidad y el tiempo / |
| Mención de responsabilidad, etc. | Antonio Dopazo Gallego |
| 250 ## - MENCION DE EDICION | |
| Mención de edición | Primera edición |
| 264 #1 - PRODUCCIÓN, PUBLICACIÓN, DISTRIBUCIÓN, FABRICACIÓN Y COPYRIGHT | |
| Nombre del de productor, editor, distribuidor, fabricante | EMSE EDAPP |
| Fecha de producción, publicación, distribución, fabricación o copyright | 2019 |
| 264 #4 - PRODUCCIÓN, PUBLICACIÓN, DISTRIBUCIÓN, FABRICACIÓN Y COPYRIGHT | |
| Fecha de producción, publicación, distribución, fabricación o copyright | ©2019 |
| 300 ## - DESCRIPCIÓN FÍSICA | |
| Extensión | 142 páginas ; |
| 490 ## - MENCIÓN DE SERIE | |
| Mención de serie | Autores Españoles e Iberoamericanos |
| 520 3# - RESUMEN, ETC. | |
| Sumario, etc. | Ulises de regreso a Ítaca.<br/>El fértil ocaso de la cultura clásica : la importancia del neoplatonismo.<br/>La segunda navegación : el desafío de la filosofía plotiniana.<br/>Plan de la obra.<br/>El hombre llegado de la «factoría de los dioses».<br/>Lo que Egipto significa para Grecia.<br/>La inminencia del fin del mundo y la sabiduría como refugio.<br/>De Alejandría a Roma : la eclosión de Plotino como pensador.<br/>Sobre la doctrina de Plotino : un amor imposible con la filosofía clásica.<br/>La llegada de Porfirio y el estilo docente de la escuela.<br/>La dimensión humana y el fin de Plotino.<br/>Nueva era, nuevos problemas : Plotino y la singularidad del siglo III.<br/>Dos palabras sobre la filosofía de Platón y la inversión plotiniana.<br/>Las «enmiendas» a Aristóteles y Platón.<br/>El mito de la dialéctica y la dialéctica del mito.<br/>Los retos de la nueva sabiduría.<br/>La procesión : todo emana de lo Uno.<br/>Las cinco leyes de la procesión.<br/>Crear sin salir de casa : el Uno.<br/>La llanura de la Verdad : la Inteligencia.<br/>Audaz exploradora : el Alma.<br/>El espejo de Diónisos : la Materia.<br/>La conversión : el «ahora» extasiado en «siempre».<br/>Plotino como primer filósofo del individuo.<br/>El problema del tiempo en Plotino.<br/>Providencia y libertad : la fuga del destino.<br/>«Sé Ulises y no Narciso» : las tres etapas del regreso a casa.<br/>«En las montañas de la locura» : el misticismo de Plotino y su concepción intensiva del instante.<br/>Plotino como crepúsculo y como amanecer. |
| 521 ## - NOTA DE PÚBLICO DESTINATARIO | |
| Nota de público destinatario | Recomendado para un público general. |
| 650 14 - PUNTO DE ACCESO ADICIONAL DE MATERIA--TÉRMINO DE MATERIA | |
| Término de materia o nombre geográfico como elemento de entrada | Filosofia Aristotelica |
| 650 24 - PUNTO DE ACCESO ADICIONAL DE MATERIA--TÉRMINO DE MATERIA | |
| Término de materia o nombre geográfico como elemento de entrada | Filosofia Griega |
| 650 24 - PUNTO DE ACCESO ADICIONAL DE MATERIA--TÉRMINO DE MATERIA | |
| Término de materia o nombre geográfico como elemento de entrada | Inteligencia - Filosofia |
| 942 ## - ELEMENTOS DE ENTRADA SECUNDARIOS (KOHA) | |
| Fuente del sistema de clasificación o colocación | Clasificación Decimal Dewey |
| Tipo de ítem Koha | Libros |
| Suprimir en OPAC | No |
| Estatus retirado | Estado de pérdida | Fuente del sistema de clasificación o colocación | Estado de daño | No para préstamo | Biblioteca de origen | Biblioteca actual | Fecha de adquisición | Fuente de adquisición | Información codificada de la localización en otra ubicación | Total checkouts | Signatura topográfica completa | Código de barras | Visto por última vez | Precio de reemplazo | Tipo de ítem Koha |
|---|---|---|---|---|---|---|---|---|---|---|---|---|---|---|---|
| Clasificación Decimal Dewey | Biblioteca Central | Biblioteca Central | 25/11/2025 | Donación | UMCH | 181.1/D91 | 035544 | 25/11/2025 | 25/11/2025 | Libros |

